| 000 | 01240cam a22002054a 4500 | ||
|---|---|---|---|
| 005 | 20250605164404.0 | ||
| 008 | 250528s ||||||||||||||||||||||||d | ||
| 035 | _a24729 | ||
| 020 | _a9788604181773 | ||
| 040 |
_aGR-AtMCL _bgre _dGR-AtMCL _eAACR2 |
||
| 245 | 1 | _aΗλεκτρονικές Εξερευνήσεις | |
| 300 | _a330 | ||
| 520 | _aΕνισχυτής Δύο Βαθμίδων, Συνδεσμολογία Darlington, Ενισχυτής ισχύος τάξης Α, Ενισχυτής ισχύος τάξης Β, Ανάδραση - Απόκριση Συχνότητας, Διαφορικός Ενισχυτής, Χαρακτηριστικά Τελεστικού Ενισχυτή, Αναστρέφουσα και μη Αναστρέφουσα Συνδεσμολογία Τελεστικού Ενισχυτή, Γραμμικά Κυκλώματα Τελεστικών Ενισχυτών, Συγκριτές - Ολοκληρωτής - Διαφοριστής με Τελεστικούς Ενισχυτές | ||
| 700 | 1 |
_aΔημήτρης Κλ. Παπακώστας _99524 |
|
| 700 | 1 |
_aΠαναγιώτα Αθ. Παπαβραμίδου _99525 |
|
| 942 | _cBK | ||
| 260 | _bΤζιόλα | ||
| 999 |
_c9588 _d9588 |
||